| 000 | 00513nam a22001697a 4500 | ||
|---|---|---|---|
| 999 |
_c4158 _d4158 |
||
| 003 | GBCCL | ||
| 005 | 20241126110512.0 | ||
| 008 | 180116b xxu||||| |||| 00| 0 eng d | ||
| 040 | _cgbc | ||
| 082 |
_aVER 227.8407 _bLAL |
||
| 100 |
_aLalthanliana, Ronald _97922 |
||
| 245 |
_aTimothea Hnena Tirhkoh Paula Lehkha Thawn pahnihna Chhuizauna / _cRonald Lalthanliana |
||
| 260 |
_aKalemyo: _bE.F.C.B., _c1970 |
||
| 300 |
_a248 p.; _c20 cm. |
||
| 650 |
_aBible _vNew Testament _vTimothy _xCommentary _97923 |
||
| 942 |
_2ddc _cBK |
||